Partnerships for profit

Đã lưu trong:
书目详细资料
主要作者: Lewis, Jordan D.
格式: 图书
语言:Undetermined
出版: New York The Free Press 1990
主题:
标签: 添加标签
没有标签, 成为第一个标记此记录!
Thư viện lưu trữ: Trung tâm Học liệu Trường Đại học Cần Thơ
LEADER 00519nam a2200181Ia 4500
001 CTU_99520
008 210402s9999 xx 000 0 und d
082 |a 658.044 
082 |b L673 
100 |a Lewis, Jordan D. 
245 0 |a Partnerships for profit 
245 0 |c Jordan D. Lewis 
260 |a New York 
260 |b The Free Press 
260 |c 1990 
650 |a Cooperation,Strategic planning,International business enterprises 
904 |i Tuyến 
980 |a Trung tâm Học liệu Trường Đại học Cần Thơ